000 00478nam a2200157 a 4500
001 000040065
005 20201002033909.0
008 130805s1979 ck ac 000 0 spa d
040 _aDO-SdBNP
_bspa
_cBNPHU
082 _axxx
100 1 _aBronowski, Jacob
_966322
240 1 0 _aThe ascent of man
_lespañol
245 1 0 _aEl ascenso del hombre /
_cJ. Bronowski.
260 _aBogotá, Colombia :
_bFondo Educativo Interamericano,
_c1979.
300 _a448 p. :
_bil., retr. ;
_c25 cm.
999 _c39555
_d39555